| 000 | 01934cam a22003615a 4500 | ||
|---|---|---|---|
| 999 |
_c27001 _d26973 |
||
| 001 | 18688216 | ||
| 005 | 20181115105313.0 | ||
| 008 | 150706t2016 nyu frb 001 0 eng d | ||
| 010 | _a 2015026550 | ||
| 020 | _a9781454866985 (hbk. : alk. paper) | ||
| 040 |
_aDLC _beng _cDLC _dEG-ScBUE |
||
| 042 | _apcc | ||
| 043 | _an-us--- | ||
| 082 | 0 | 4 |
_a342.7306 _bADM _222 |
| 245 | 0 | 0 |
_aAdministrative law : _bcases and materials / _cRonald A. Cass... [et al.]. |
| 250 | _a7th ed. | ||
| 260 |
_aNew York : _bWolters kluwer, _cc.2016. |
||
| 300 |
_axxxi, 959 p. ; _c26 cm. |
||
| 490 | 0 | _aAspen casebook series | |
| 500 | _a"Part of the LIFT program, this book comes with 1-Year digital access to the Examples & Explanations for this course." --Cover book. | ||
| 504 | _aIncludes bibliographical references (pages 943-950) and index. | ||
| 505 | 0 | _aThe nature and functions of administrative agencies -- Judicial review of administrative decisions -- Availability of judicial review -- Choice of policymaking instruments -- Rulemaking -- Adjudication -- Enforcement and liability -- Licensing -- Public access. | |
| 520 | _aThis highly regarded casebook presents administrative law as a vital force in policy-making, law enactment, and politics. In its Fourth Edition, Administrative Law: Cases and Materials reflects developments both in the law and in the classroom. | ||
| 650 | 7 |
_aAdministrative law _zUnited States. _2BUEsh |
|
| 651 | _2BUEsh | ||
| 653 |
_bLLAAWW _cNovember2018 |
||
| 655 | _vReading book | ||
| 700 | 1 |
_aCass, Ronald A. _941939 |
|
| 775 | 0 | 8 |
_iRevision of: _aAdministrative law : cases and materials. _b6th ed. _dNew York : Wolters Kluwer Law & Business, 2011. _w(DLC) 2011006894. |
| 856 | 4 | 0 |
_3Digital access code to the Examples & Explanations for this course _uhttps://www.casebookconnect.com/LIFT |
| 942 | _2ddc | ||